| 000 | 00738cam a2200241 4500 | ||
|---|---|---|---|
| 999 |
_c21832 _d21832 |
||
| 001 | 2691196 | ||
| 003 | BDDh-ASL | ||
| 005 | 20231015030041.0 | ||
| 008 | 691231s1969 mau b 001 0 eng | ||
| 010 | _a 75084797 | ||
| 040 |
_aDLC _cDLC _dDLC _dBDDh-ASL |
||
| 050 | 0 | 0 |
_aDS740.4 _b.O36 |
| 082 | 0 | 0 |
_a327.51 _bOJC |
| 100 | 1 | _aOjha, Ishwer C. | |
| 245 | 1 | 0 |
_aChinese foreign policy in an age of transition: _bthe diplomacy of cultural despair / _cby Ishwer C. Ojha. |
| 260 |
_aBoston: _bBeacon Press _c[1969] |
||
| 300 |
_axiv, 234 p. _c21 cm. |
||
| 350 | _a5.95 | ||
| 504 | _aBibliographical footnotes. | ||
| 651 | 0 |
_aChina _xForeign relations _y1949-1976. |
|
| 906 |
_a7 _bcbc _corignew _du _encip _f19 _gy-gencatlg |
||
| 942 |
_2ddc _cBK |
||